000 00923nab a2200229 i 4500
001 BPP
003 BPK
005 20160107122525.0
008 140614s1987 pl f |000 0
040 _cBPK
080 _a664
080 _a62-1/-8.
100 _aDIAKUN, Jarosław.
_d1975 -1996.
_bWyższa Szkoła Inżynierska w Koszalinie - Wydział Mechaniczny,
_cZakład Maszyn Przemysłu Spożywczego
245 _aPrędkość kątowa ślimakowa układów tnących wilków do mięsa /
_cJarosław Diakun, Jerzy Milanowski.
260 _c1987.
500 _aDane z kartoteki bpp.
650 0 _aPrzemysł mięsny.
650 0 _aMaszyny.
773 _iW :
_tZeszyty Problemowe Postępów Nauk Rolniczych. -
_g1987, nr 328, s. 9-16
700 _aMILANOWSKI, Jerzy.
_d1974 - 1993.
_bWyższa Szkoła Inżynierska w Koszalinie - Wydział Mechaniczny,
_cZakład Maszyn Przemysłu Spożywczego
942 _cART
_2UKD
999 _c6529
_d6529